01757nam a2200481 i 450000100060000000300080000600500170001400600190003100700150005000800410006502000270010603500230013303500240015603500250018003500220020504000310022705000200025808000100027808200120028810000170030024501130031725000210043026400390045130000410049033600310053133700330056233800430059549000130063850000220065150400290067358801250070259001630082765000320099065000430102265000170106565000240108265500270110670000300113379700190116383000140118285600620119699900170125844081FlNmELB20241216222158.0m o d | cr cnu||||||||180313s2017 sp ob 001 0 spa d a9788491800279 (e-book) a(MiAaPQ)EBC5214310 a(Au-PeEL)EBL5214310 a(CaPaEBR)ebr11493933 a(OCoLC)1105875328 aFINmELBbspaerdacFINmELB 4aQA76bA523 2017 a004.60 a0042231 aAmo, Daniel.10aLearning analytics :bla narración del aprendizaje a través de los datos /cDaniel Amo, Raúl Santiago. aNueva edición. 1aBarcelona :bEditorial UOC,c2017. a1 recurso en línea (216 páginas) atextobtxt2rdacontent/spa acomputadorabc2rdamedia/spa arecurso en líneabcr2rdacarrier/spa1 aOuterEDU aIncluye índice. aContiene bibliografía. aDescripción basada en recurso en línea; Título de la página del título en PDF (e-libro, visto March 13, 2018). aRecurso electrónico. Santa Fe, Arg. : e-libro, 2018. Disponible vía World Wide Web. El acceso puede ser limitado para las bibliotecas afiliadas a e-Libro. 0aElectronic data processing. 4aProcesamiento de datos electrónicos. 0aData mining. 4aMinería de datos. 4aLibros electrónicos.1 aSantiago, Raúl,eautor.2 ae-libro, Corp. 0aOuterEDU.40uhttps://elibro.net/ereader/politecnicointernacional/59101 c44081d44081